[Event "GRENKE Chess Open"]
[Site "Karlsruhe GER"]
[Date "2017.04.17"]
[EventDate "2017.04.13"]
[Round "8.2"]
[Result "1/2-1/2"]
[White "Richard Rapport"]
[Black "Konstantin Yuryevich Landa"]
[WhiteElo "2696"]
[BlackElo "2611"]
[PlyCount "69"]

1. e4 e5 2. Nf3 Nf6 3. Nxe5 d6 4. Nc4 Nxe4 5. Qe2 Qe7 6. Ne3
c6 7. b3 Qe5 8. c3 d5 9. g3 Bd6 10. Bg2 O-O 11. O-O f5 12. f4
Qe7 13. d3 Nc5 14. Nd2 Nbd7 15. Re1 Nf6 16. Nf3 Bd7 17. Qc2
Qd8 18. b4 Na6 19. a3 Nc7 20. c4 a5 21. c5 Be7 22. Bb2 axb4
23. axb4 Rxa1 24. Rxa1 Ng4 25. Nf1 Bf6 26. h3 Bxb2 27. Qxb2
Qf6 28. Qb1 Nh6 29. Ne5 Bc8 30. Nd2 Nf7 31. Ndf3 Nxe5 32. Nxe5
g5 33. Qb2 gxf4 34. gxf4 h6 35. Re1 1/2-1/2

[Event "GRENKE Chess Open"]
[Site "Karlsruhe GER"]
[Date "2017.04.17"]
[EventDate "2017.04.13"]
[Round "9.4"]
[Result "1/2-1/2"]
[White "Marin Bosiocic"]
[Black "Richard Rapport"]
[WhiteElo "2610"]
[BlackElo "2696"]
[PlyCount "188"]

1. e4 g6 2. d4 Bg7 3. Nf3 d6 4. Bc4 e6 5. O-O Ne7 6. Bb3 h6
7. c3 Nd7 8. a4 a5 9. Ne1 b6 10. f4 Ba6 11. Rf2 d5 12. e5 h5
13. Bc2 Bf8 14. Bd3 Bxd3 15. Qxd3 Nf5 16. Nc2 Qc8 17. b3 Qa6
18. Qd1 b5 19. axb5 Qxb5 20. Ne3 Nxe3 21. Bxe3 Rb8 22. Rb2 Be7
23. Bf2 O-O 24. Nd2 a4 25. Qf3 c5 26. Rbb1 axb3 27. Rxb3 Qc6
28. c4 cxd4 29. cxd5 exd5 30. Rd3 Nc5 31. Rxd4 Ne6 32. Rd3 Rb4
33. g3 Rd8 34. Nb3 Qc4 35. Rc1 Qe4 36. Qxe4 Rxe4 37. Rcd1 Rb4
38. Nd4 Nc5 39. Rf3 Rc8 40. Nc2 Rb3 41. Rxb3 Nxb3 42. Ne3 d4
43. Nd5 Kf8 44. Kh1 Rc5 45. Nb4 Rc4 46. Nd3 Bd8 47. Be1 Ba5
48. Rb1 Bxe1 49. Rxb3 Bd2 50. Kg2 Rc3 51. Rxc3 dxc3 52. Nb4 g5
53. Kf3 g4+ 54. Ke4 Bc1 55. Nc2 Bd2 56. Nd4 Kg7 57. Kd3 Kg6
58. Ne2 h4 59. Nxc3 hxg3 60. hxg3 Be1 61. Ne2 Kf5 62. Ke3 Ba5
63. Nd4+ Kg6 64. Nc2 Kf5 65. Ke2 Kg6 66. Ne3 Kh5 67. Nd5 Kg6
68. Ne3 Kh5 69. Kd1 Bb6 70. Kd2 Bd8 71. Nd5 Kg6 72. Kd3 Ba5
73. Ne7+ Kh5 74. Ke2 Bd8 75. Nd5 Kg6 76. Ne3 Kh5 77. Kd3 Ba5
78. Ke4 Be1 79. Kf5 Bxg3 80. Nxg4 Bh4 81. Ne3 Kh6 82. Kg4 Bd8
83. Nf5+ Kg6 84. Nd6 Ba5 85. f5+ Kg7 86. f6+ Kg6 87. Nf5 Bc3
88. Ne7+ Kh7 89. Kf5 Bb2 90. Nc8 Kg8 91. Nd6 Kf8 92. Nxf7 Kxf7
93. e6+ Ke8 94. Kg6 Bxf6 1/2-1/2

[Event "Isle of Man Masters"]
[Site "Douglas IMN"]
[Date "2017.09.24"]
[EventDate "2017.09.23"]
[Round "2.35"]
[Result "1/2-1/2"]
[White "Richard Rapport"]
[Black "Gudmundur Kjartansson"]
[WhiteElo "2675"]
[BlackElo "2456"]
[PlyCount "117"]

1. Nf3 d5 2. g3 Nf6 3. Bg2 g6 4. c4 c6 5. b3 Bg7 6. Bb2 O-O
7. O-O a5 8. d3 Na6 9. a3 b6 10. Ne5 Bb7 11. cxd5 cxd5 12. d4
Nd7 13. Nd3 e6 14. e3 Qe7 15. Nc3 Rfc8 16. Re1 Nc7 17. h4 Ne8
18. a4 Nd6 19. Nb5 Nxb5 20. axb5 Qe8 21. Bf1 Nf6 22. Ne5 Ne4
23. Qd3 f6 24. Nf3 Bf8 25. Rec1 Bb4 26. Ne1 Bd2 27. Rcb1 Bc3
28. Ng2 e5 29. Ne1 exd4 30. exd4 Qd7 31. Ng2 Bxb2 32. Rxb2 Rc3
33. Qd1 Qc7 34. Nf4 Re8 35. Bg2 Rc8 36. Bh3 f5 37. Bf1 Rc1
38. Rxc1 Qxc1 39. Qxc1 Rxc1 40. Nd3 Rc3 41. Ne5 Bc8 42. Bd3
Kf8 43. Kg2 Ke7 44. Rc2 Rxc2 45. Bxc2 Bd7 46. Nxd7 Kxd7
47. Kf3 Ke6 48. Ke3 h6 49. Bd3 Nd6 50. Kf4 Kf6 51. Ke3 g5
52. hxg5+ hxg5 53. f3 Ne8 54. Be2 Ng7 55. g4 Ne6 56. Bf1 Nf4
57. Bd3 fxg4 58. fxg4 Nxd3 59. Kxd3 1/2-1/2

[Event "Isle of Man Masters"]
[Site "Douglas IMN"]
[Date "2017.09.25"]
[EventDate "2017.09.23"]
[Round "3.29"]
[Result "0-1"]
[White "Deimante Cornette"]
[Black "Richard Rapport"]
[WhiteElo "2404"]
[BlackElo "2675"]
[PlyCount "78"]

1. e4 Nc6 2. Nf3 e5 3. Bb5 a6 4. Ba4 Nf6 5. O-O Be7 6. d3 d6
7. c4 O-O 8. Nc3 Bg4 9. Be3 Nb8 10. h3 Bh5 11. d4 Nbd7
12. Bxd7 Nxd7 13. g4 Bg6 14. d5 h5 15. Qe2 c6 16. Rac1 Rc8
17. Rfd1 cxd5 18. cxd5 hxg4 19. hxg4 Rxc3 20. bxc3 Bxe4
21. Bb6 Qxb6 22. Qxe4 Nc5 23. Qe2 f5 24. Nd4 fxg4 25. Qxg4
exd4 26. cxd4 Qb2 27. f3 Nd3 28. Qe6+ Rf7 29. Qc8+ Bf8
30. Rxd3 Re7 31. Qc3 Qxa2 32. Re3 Rf7 33. Re8 Qxd5 34. Kf2 Qh5
35. Rce1 Qh4+ 36. Ke2 Qh3 37. Rf1 d5 38. Qe3 Rf6 39. Kd2 Qxf1
0-1

[Event "Isle of Man Masters"]
[Site "Douglas IMN"]
[Date "2017.09.26"]
[EventDate "2017.09.23"]
[Round "4.20"]
[Result "1-0"]
[White "Richard Rapport"]
[Black "Ilya Khmelniker"]
[WhiteElo "2675"]
[BlackElo "2480"]
[PlyCount "115"]

1. Nf3 Nf6 2. c4 e6 3. g3 b6 4. Bg2 Bb7 5. d4 Be7 6. O-O O-O
7. Nc3 Ne4 8. Bd2 d5 9. cxd5 exd5 10. Rc1 Na6 11. Bf4 Re8
12. Qa4 c5 13. Rfd1 Nxc3 14. bxc3 Bd6 15. Bxd6 Qxd6 16. e3 c4
17. Nd2 Rec8 18. e4 dxe4 19. Nxe4 Qc7 20. Qb5 Rd8 21. Qh5 f6
22. Re1 Rab8 23. Re3 Qf7 24. Qe2 Nc7 25. Nd6 Rxd6 26. Re7 Re6
27. Rxf7 Rxe2 28. Rxc7 Bxg2 29. Kxg2 Rbe8 30. Rxa7 Rb2 31. a4
Ree2 32. Kf3 Rxf2+ 33. Ke4 Rxh2 34. Kd5 Rhg2 35. Re1 h5
36. Re3 b5 37. a5 b4 38. a6 bxc3 39. Rxc3 Ra2 40. Kc6 Rgd2
41. d5 Ra5 42. d6 Rad5 43. Rd7 Ra5 44. Kb6 Ra4 45. Kb5 Rda2
46. Ra7 Ra5+ 47. Kb6 Rd5 48. d7 Rad2 49. Rxc4 Kh7 50. Rb7 Rd6+
51. Rc6 Rxd7 52. Rxd7 Rxd7 53. a7 Rd8 54. Kc7 Rf8 55. Ra6 Ra8
56. Kb7 Rxa7+ 57. Rxa7 Kg6 58. Ra5 1-0

[Event "Isle of Man Masters"]
[Site "Douglas IMN"]
[Date "2017.09.27"]
[EventDate "2017.09.23"]
[Round "5.13"]
[Result "0-1"]
[White "Alan Pichot"]
[Black "Richard Rapport"]
[WhiteElo "2565"]
[BlackElo "2675"]
[PlyCount "92"]

1. e4 Nc6 2. Nf3 d6 3. d4 Nf6 4. Nc3 g6 5. Be2 Bg7 6. O-O O-O
7. d5 Nb8 8. Be3 c6 9. a4 b6 10. Nd4 cxd5 11. exd5 a6 12. f4
Qd7 13. Bf3 Ng4 14. Bc1 Qc7 15. Ne6 fxe6 16. Bxg4 e5 17. Bxc8
Qxc8 18. fxe5 Qc5+ 19. Kh1 Nd7 20. Bg5 Nxe5 21. Bxe7 Rxf1+
22. Qxf1 Qb4 23. Re1 Re8 24. Bg5 Qxb2 25. Ne4 Qxc2 26. Nf6+
Bxf6 27. Qxf6 Qxa4 28. h3 Nf7 29. Ra1 Qc4 30. Bd2 Qxd5 31. Bc3
Ne5 32. Rxa6 Rf8 33. Qe7 Qd1+ 34. Kh2 Nf3+ 35. Kg3 Nd4 36. Kh2
Nf3+ 37. Kg3 Nd4 38. Kh2 Qc1 39. Qxd6 Qxc3 40. Qd5+ Kg7
41. Qe5+ Kg8 42. Qd5+ Kg7 43. Ra7+ Kh6 44. Qe4 Nf5 45. Qb7
Qe5+ 46. Kg1 Qg7 0-1

[Event "Isle of Man Masters"]
[Site "Douglas IMN"]
[Date "2017.09.29"]
[EventDate "2017.09.23"]
[Round "7.9"]
[Result "1/2-1/2"]
[White "Richard Rapport"]
[Black "Sunil Dhopade Swapnil"]
[WhiteElo "2675"]
[BlackElo "2532"]
[PlyCount "61"]

1. Nf3 Nf6 2. b3 d5 3. Bb2 c6 4. e3 Bg4 5. h3 Bh5 6. d3 Nbd7
7. Nbd2 e6 8. Qe2 Bd6 9. g4 Bg6 10. Nh4 e5 11. Bg2 Qe7 12. a3
a5 13. g5 Nh5 14. Qg4 O-O 15. Bf3 e4 16. dxe4 Be5 17. c3 Nc5
18. Nf5 Bxf5 19. exf5 Nf4 20. exf4 Bxc3+ 21. Kf1 Bxb2 22. Ra2
Bc3 23. f6 Qd6 24. fxg7 Kxg7 25. f5 Bxd2 26. f6+ Kh8 27. Rxd2
Nxb3 28. Rd1 Nc5 29. Rg1 Rae8 30. Rd4 Qe5 31. Qh4 1/2-1/2

[Event "Champions Showdown"]
[Site "St Louis, MO USA"]
[Date "2019.02.23"]
[EventDate "2019.02.23"]
[Round "3.5"]
[Result "1/2-1/2"]
[White "Richard Rapport"]
[Black "Samuel Shankland"]
[WhiteElo "2735"]
[BlackElo "2731"]
[PlyCount "82"]

1. d4 Nf6 2. Nc3 d5 3. Bf4 g6 4. e3 Bg7 5. Nb5 Na6 6. Nf3 O-O
7. h3 Bf5 8. a3 c5 9. Be2 Ne4 10. O-O Qb6 11. c3 Rfd8 12. a4
Rd7 13. Ne5 Rdd8 14. b3 Bd7 15. Qe1 Be8 16. Bd3 Rdc8 17. Bh2
Nd6 18. Qe2 cxd4 19. exd4 Nxb5 20. axb5 Nc7 21. Qf3 Nxb5
22. Bxb5 Qxb5 23. b4 b6 24. Rfe1 f6 25. Ng4 Qd7 26. Bf4 h5
27. Ne3 e6 28. Ra3 a5 29. bxa5 bxa5 30. g4 g5 31. Bh2 h4
32. c4 dxc4 33. d5 Bf7 34. Nxc4 Rxc4 35. dxe6 Qc6 36. exf7+
Kxf7 37. Qf5 Rc1 38. Re3 Rxe1+ 39. Rxe1 Re8 40. Qxa5 Rxe1+
41. Qxe1 Bf8 1/2-1/2

[Event "Champions Showdown"]
[Site "St Louis, MO USA"]
[Date "2019.02.24"]
[EventDate "2019.02.23"]
[Round "14.5"]
[Result "0-1"]
[White "Samuel Shankland"]
[Black "Richard Rapport"]
[WhiteElo "2731"]
[BlackElo "2735"]
[PlyCount "94"]

1. d4 e6 2. c4 f5 3. e3 Nf6 4. Bd3 Bb4+ 5. Nd2 c5 6. Nf3 O-O
7. O-O b6 8. d5 Bxd2 9. Nxd2 exd5 10. cxd5 d6 11. e4 Ba6
12. Bxa6 Nxa6 13. exf5 Qd7 14. Nc4 Qxf5 15. Nxd6 Qxd5 16. Bf4
Nb4 17. Qe2 Nh5 18. Be5 Nd3 19. Rad1 Nhf4 20. Bxf4 Nxf4
21. Qg4 Qxa2 22. Nf5 Ng6 23. Rd7 Rf7 24. Rxf7 Qxf7 25. Nd6 Qb3
26. h4 Rf8 27. h5 Ne5 28. Qe4 Qe6 29. Nb5 Qf5 30. Qd5+ Kh8
31. Nd6 Qf6 32. f4 Ng4 33. Re1 Qd4+ 34. Qxd4 cxd4 35. Re7 d3
36. Ne4 Rd8 37. Kf1 Nf6 38. Nd2 Nxh5 39. Rxa7 Nxf4 40. Kf2 Re8
41. Kf3 Ng6 42. Nc4 h6 43. Nxb6 Rd8 44. Ra1 Ne5+ 45. Ke4 d2
46. Nd5 Nc4 47. b3 Nb2 0-1